LEADER 01223nam a2200313 a 4500 001 000000126781 003 CaOOAMICUS 005 20111028144148.0 008 111028s2010 it u000 u ita r 020 $a978-88-430-5553-1 040 $aPUL$bita 082 04$a035 100 1 $aIeranò, Giorgio.$0(OLS)http://pul/name/80870 245 10$aArianna :$bstoria di un mito /$cGiogio Ieranò. 250 $a2. ed. riveduta. 260 $aRoma :$bCarocci,$c©2010. 300 $a209 p. ;$c22 cm. 490 1 $aQuality paperbacks ;$v325 504 $aComprende riferimenti bibliografici e indice. 650 4$aMitologia classica.$0(OLS)http://pul/subject/21884 830 0$aQuality paperbacks (Carocci) ;$v325.$0(OLS)http://pul/title/103487 850 $aPUL 852 $aPUL$W1$xDP2 Cons. Gen., Altre Classi 3$y97$m035 COLL 1.325$j146586$qDDC 21$B145292$CPULBib$Z2$F145292 $H116411 $82 941 1 $a9 996 $6020$a978-88-430-5553-1$9(OLS)http://pul/number/148335 996 $6082$a035$9(OLS)http://pul/classification/471 996 $6245$aArianna :$bstoria di un mito$9(OLS)http://pul/title/160157 996 $6260$aRoma :$bCarocci$9(OLS)http://pul/publisher/66917 LEADER 01236nam a2200301 a 4500 001 000000123813 003 CaOOAMICUS 005 20101126122325.0 008 101126t2010 it u000 u ita r 040 $aPUL$bita 082 04$a920 100 1 $aPincherle, Alberto,$d1894-1979.$0(OLS)http://pul/name/19804 245 10$aVita di sant'Agostino /$cAlberto Pincherle. 260 $aMilano :$bIl Sole 24 ore,$c©2010$aRoma ; Bari :$bEditori Laterza 300 $aXII, 460 p. ;$c22 cm 490 1 $aGrandi biografie ;$v9 500 $aInclude indice. 504 $aBibliografia in nota. 600 04$aAugustinus,$cs., vesc. d'Ippona,$d354-430$xBiografia.$0(OLS)http://pul/subject/1896 830 0$aGrandi biografie ;$v9.$0(OLS)http://pul/title/155366 850 $aPUL 852 $aPUL$W1$xDP2 Filosofia 3$y112$m920 COLL 2.9$j142640$qDDC 21$B141604$CPULBib$Z2$F141604 $H115170 $82 941 1 $a9 996 $6082$a920$9(OLS)http://pul/classification/1661 996 $6245$aVita di sant'Agostino$9(OLS)http://pul/title/156065 996 $6260$aMilano :$bIl Sole 24 ore$9(OLS)http://pul/publisher/69212 996 $6260$aRoma ; Bari :$bEditori Laterza$9(OLS)http://pul/publisher/61082